[Event "Tournament (weekend) (a)"]
[Site "masterchessopen.com - Turin (Italy)"]
[Date "2011.01.09"]
[Round "6"]
[White "Giacometto Mario (ITA)"]
[Black "De Barberis Massimo (ITA)"]
[Result "0-1"]
[WhiteElo "2004"]
[BlackElo "2093"]

1.d4 Nf6 2.c4 e6 3.Nc3 c5 4.d5 exd5 5.cxd5 d6 6.e4 g6 7.f4 Bg7 8.e5 Nfd7 9.Nb5
dxe5 10.Nd6+ Ke7 11.Nxc8+ Qxc8 12.fxe5 Nxe5 13.Nf3 Re8 14.Bb5 Nbd7 15.O-O Kf8
16.Bf4 a6 17.Bxe5 Bxe5 18.Ba4 b5 19.Bc2 Kg8 20.a4 Bxb2 21.Rb1 Bg7 22.axb5 axb5
23.Rxb5 Ne5 24.Nxe5 Bxe5 25.Qf3 Qd7 26.Rbb1 Rad8 27.d6 Bxd6 28.Rb7 Bc7 29.Ba4
Qd4+ 30.Kh1 Re7 31.Rxc7 Rxc7 32.Rd1 Re7 33.h3 Qxd1+ 34.Bxd1 Re1+ 35.Kh2 Rexd1
36.Qc3 R8d5 37.Qc2 h5 38.h4 R1d4 39.Kh3 c4 40.g3 Rg4 41.Qb2 Rd3 42.Qb8+ Kh7
43.Qf8 Rdxg3+ 44.Kh2 Rf3 45.Qa8 Rxh4+ 46.Kg2 Rhf4 47.Qc8 c3 48.Kg1 c2 49.Kh2
Rf2+ 50.Kh3 g5 {#R} 0-1

[Event "It (open)"]
[Site "masterchessopen.com - Lienz (Austria)"]
[Date "2011.02.19"]
[Round "9"]
[White "Schnider Gert (AUT)"]
[Black "Pregl Walter (AUT)"]
[Result "1-0"]
[WhiteElo "2358"]
[BlackElo "2140"]

1.d4 Nf6 2.c4 e6 3.Nc3 c5 4.d5 exd5 5.cxd5 d6 6.e4 g6 7.f4 Bg7 8.e5 Nfd7 9.Ne4
dxe5 10.Nd6+ Kf8 11.Nf3 exf4 12.Bxf4 h6 13.Qd2 Nb6 14.Be2 N8d7 15.O-O Kg8
16.Rae1 Nf6 17.Nxf7 Kxf7 18.Ne5+ Kg8 19.Nxg6 Bf5 20.Nxh8 Ne4 21.Qc1 Kxh8
22.Bxh6 Bd4+ 23.Be3 Qxd5 24.Rxf5 Qxf5 25.Bxd4+ cxd4 26.Bd3 Re8 27.Qh6+ Kg8
28.Qh4 Qg5 29.Qxg5+ Nxg5 30.Rxe8+ Kf7 31.Rb8 Ne6 32.Rxb7+ {#r} 1-0

[Event "It (open)"]
[Site "masterchessopen.com - Bussum (Netherlands)"]
[Date "2011.06.13"]
[Round "6"]
[White "Koudinov Dimitri (NED)"]
[Black "Van Oosten Jaap (NED)"]
[Result "1-0"]
[WhiteElo "2044"]
[BlackElo "1999"]

1.d4 Nf6 2.c4 c5 3.d5 e6 4.Nc3 exd5 5.cxd5 d6 6.e4 g6 7.f4 Bg7 8.e5 Nfd7 9.Ne4
dxe5 10.Nd6+ Ke7 11.Nxc8+ Qxc8 12.Nf3 Re8 13.Be2 Kf8 14.O-O e4 15.Ng5 Bd4+
16.Kh1 Nf6 17.f5 Kg7 18.Qe1 Nbd7 19.Qh4 Qd8 20.fxg6 hxg6 21.Nxf7 Kxf7 22.Qh7+
{#r} 1-0

[Event "It (open)"]
[Site "masterchessopen.com - Creon (France)"]
[Date "2011.08.02"]
[Round "3"]
[White "Gozzoli Yannick (FRA)"]
[Black "Billon Olivier (FRA)"]
[Result "1-0"]
[WhiteElo "2522"]
[BlackElo "2185"]

1.d4 Nf6 2.c4 c5 3.d5 e6 4.Nc3 exd5 5.cxd5 d6 6.e4 g6 7.f4 Bg7 8.e5 Nfd7 9.Ne4
dxe5 10.Nd6+ Kf8 11.Nf3 h6 12.Be2 exf4 13.Bxf4 Bxb2 14.Rb1 Bc3+ 15.Bd2 Bxd2+
16.Qxd2 Nf6 17.Nxc8 Qxc8 18.O-O Nbd7 19.Qc3 Rg8 20.Ne5 Qc7 21.d6 Qxd6 22.Nxd7+
Nxd7 23.Rbd1 Qe5 24.Rxf7+ {#r} 1-0

[Event "Ch Europe (juniors) (under 18)"]
[Site "masterchessopen.com - Albena (Bulgaria)"]
[Date "2011.09.15"]
[Round "5"]
[White "Urkedal Frode (NOR)"]
[Black "Fernandez Garcia Jose Miguel (ESP)"]
[Result "1-0"]
[WhiteElo "2448"]
[BlackElo "2285"]

1.d4 Nf6 2.c4 c5 3.d5 e6 4.Nc3 exd5 5.cxd5 d6 6.e4 g6 7.f4 Bg7 8.e5 Nfd7 9.Ne4
dxe5 10.Nd6+ Ke7 11.Nxc8+ Qxc8 12.Nf3 Re8 13.f5 Kf8 14.Ng5 Nf6 15.fxg6 hxg6
16.Bc4 Kg8 17.O-O Rf8 18.d6 Nbd7 19.Qb3 Qe8 20.Qh3 Qc8 21.Qh4 Qc6 22.a4 Qxd6
23.Be3 Rad8 24.Rad1 Qe7 25.Rxd7 Rxd7 26.Rxf6 Rd1+ 27.Bf1 Rfd8 28.Qh7+ Kf8
29.Ne6+ Ke8 30.Qxg7 Rxf1+ 31.Rxf1 {#r} 1-0

[Event "Ch Croatia (team) (1st league) (b)"]
[Site "masterchessopen.com - Sibenik (Croatia)"]
[Date "2011.10.12"]
[Round "9"]
[White "Glavas Dragan (CRO)"]
[Black "Vrhovnik Damir (CRO)"]
[Result "0-1"]
[WhiteElo "2322"]
[BlackElo "2074"]

1.d4 Nf6 2.c4 c5 3.d5 e6 4.Nc3 exd5 5.cxd5 d6 6.e4 g6 7.f4 Bg7 8.e5 Nfd7 9.Nb5
dxe5 10.Nd6+ Ke7 11.Nxc8+ Qxc8 12.Nf3 Re8 13.f5 Kf8 14.Ng5 Kg8 15.fxg6 hxg6
16.Bc4 Nb6 17.Bb5 Rf8 18.O-O a6 19.Be2 N8d7 20.Qb3 c4 21.Qg3 Nxd5 22.Be3 Bh6
23.Qh4 Bxg5 24.Bxg5 f6 25.Bh6 Nf4 26.Bg4 f5 27.Bxf8 Qxf8 28.Bf3 Qc5+ 29.Kh1
Nd3 30.Bxb7 Rb8 31.Bxa6 e4 32.a4 N7e5 33.Bb5 Kg7 34.Qg3 Rh8 35.Rxf5 e3 36.Rxe5
Nxe5 37.Re1 Rf8 38.h4 Qd4 39.Rxe3 Rf1+ {#R} 0-1

[Event "Memorial Joan Gelpi (open)"]
[Site "masterchessopen.com - Palafrugell (Spain)"]
[Date "2011.11.05"]
[Round "6"]
[White "Fernandez Perez Didier (CUB)"]
[Black "Triadu Cassa Jordi"]
[Result "1-0"]
[WhiteElo "2229"]
[BlackElo "2111"]

1.d4 Nf6 2.c4 c5 3.d5 e6 4.Nc3 exd5 5.cxd5 d6 6.e4 g6 7.f4 Bg7 8.e5 Nfd7 9.Nf3
dxe5 10.Be2 O-O 11.O-O Na6 12.d6 Nb4 13.Bb5 Nc6 14.Nd5 e4 15.Bxc6 exf3 16.Ne7+
Kh8 17.Bxf3 Bd4+ 18.Kh1 Nf6 19.Nxc8 Rxc8 20.f5 Qxd6 21.Bxb7 Rcd8 22.Qf3 Kg7
23.Qh3 h5 24.Bf3 Qd7 25.Bg5 Rb8 26.Rad1 Rb6 27.b3 Qc8 28.Qh4 Qa6 29.Qf4 Re8
30.fxg6 Be5 31.Bh6+ Kh8 32.Qg5 fxg6 33.Qxg6 Rg8 34.Qf5 Bd4 35.Bg5 Nh7 36.Bh4
Rd6 37.Be4 Rdg6 38.Qf7 Rf8 39.Bxg6 Rxf7 40.Bxf7 Kg7 41.Bc4 Qxa2 42.Rf7+ Kh8
43.Re1 Bg7 44.h3 Nf8 45.Ree7 Qa1+ 46.Kh2 Ng6 47.Rxg7 Nxe7 48.Rxe7 Qd4 49.Bg3
{#r} 1-0

[Event "Extraliga 2011/2012"]
[Site "masterchessopen.com - Czech Republic"]
[Date "2011.12.04"]
[Round "4"]
[White "Michalik Peter (SVK)"]
[Black "Kanovsky David (CZE)"]
[Result "1-0"]
[WhiteElo "2509"]
[BlackElo "2453"]

1.d4 Nf6 2.c4 c5 3.d5 e6 4.Nc3 exd5 5.cxd5 d6 6.e4 g6 7.f4 Bg7 8.e5 Nfd7 9.Ne4
dxe5 10.Nd6+ Ke7 11.Nxc8+ Qxc8 12.Nf3 Re8 13.f5 Kf8 14.Bb5 a6 15.Ba4 e4 16.Ng5
b5 17.fxg6 hxg6 18.Bc2 Nf6 19.O-O Nbd7 20.Qe1 Re5 21.Bf4 Rxd5 22.Bxe4 Nxe4
23.Qxe4 Rf5 24.Bd6+ Kg8 25.Rxf5 gxf5 26.Qd5 Qe8 27.Qxf5 Bd4+ 28.Kh1 Nf6 29.Nf3
Bxb2 30.Re1 Qc6 31.Qg5+ Kh7 32.Qh4+ Kg8 33.Qg3+ Kh8 34.Ne5 Qd5 35.Qg5 {#r} 1-0

[Event "Ch Czech Republic (team) (1 liga) East"]
[Site "masterchessopen.com - Czech Republic"]
[Date "2012.01.28"]
[Round "9"]
[White "Pacher Milan (SVK)"]
[Black "Simacek Pavel (CZE)"]
[Result "1-0"]
[WhiteElo "2402"]
[BlackElo "2438"]

1.d4 Nf6 2.c4 c5 3.d5 e6 4.Nc3 exd5 5.cxd5 d6 6.e4 g6 7.f4 Bg7 8.e5 Nfd7 9.Nb5
dxe5 10.Nd6+ Ke7 11.Nxc8+ Qxc8 12.Nf3 Re8 13.f5 Kf8 14.Ng5 e4 15.Nxh7+ Kg8
16.fxg6 fxg6 17.Ng5 Ne5 18.Ne6 Rxe6 19.dxe6 Nbc6 20.Qd6 Qd8 21.Qxd8+ Rxd8
22.Be3 c4 23.Rc1 b5 24.b3 Nd3+ 25.Bxd3 Rxd3 26.Bg5 c3 27.O-O Rd6 28.e7 Re6
29.Rxc3 Bd4+ 30.Kh1 Nxe7 31.Rc7 Nf5 32.g4 Nd6 33.Bh6 Bf6 34.Rxa7 g5 35.Ra8+
Kh7 36.Bf8 e3 37.Bxd6 e2 38.Re1 Bc3 39.Bg3 Bxe1 40.Bxe1 Rf6 41.Kg2 Rf1 42.Bg3
e1=Q 43.Bxe1 Rxe1 44.Ra5 Kg6 45.Rxb5 Re2+ 46.Kg3 Rxa2 47.Rb6+ Kg7 48.h4 gxh4+
49.Kxh4 Ra5 50.b4 Rd5 51.Rc6 Rb5 52.Rc4 Kg6 53.Re4 Rb8 54.Kg3 Kg5 55.Kf3 Rf8+
56.Ke3 Rd8 57.b5 Rd1 58.Rb4 Kf6 59.b6 Rd8 60.b7 {#r} 1-0

[Event "It (open) (b)"]
[Site "masterchessopen.com - Zagreb (Croatia)"]
[Date "2012.03.05"]
[Round "1"]
[White "Bozinovic Bogdan (CRO)"]
[Black "Pfeifer Antun (CRO)"]
[Result "1-0"]
[WhiteElo "2230"]
[BlackElo "1940"]

1.d4 Nf6 2.c4 e6 3.Nc3 c5 4.d5 exd5 5.cxd5 d6 6.e4 g6 7.f4 Bg7 8.e5 Nfd7 9.Nb5
dxe5 10.Nd6+ Ke7 11.Nxc8+ Qxc8 12.Nf3 Re8 13.fxe5 Nxe5 14.Bb5 Nbd7 15.Nxe5 Kf8
16.O-O Rxe5 17.Bf4 Re4 18.Qf3 f5 19.Bh6 Kg8 20.Bxg7 Kxg7 21.Qc3+ Kg8 22.Rae1
a6 23.Rxe4 fxe4 24.Be2 b5 25.Bg4 {#r} 1-0

[Event "Ch Sweden"]
[Site "masterchessopen.com - Falun (Sweden)"]
[Date "2012.07.15"]
[Round "9"]
[White "Grandelius Nils (SWE)"]
[Black "Hedman Erik (SWE)"]
[Result "0-1"]
[WhiteElo "2570"]
[BlackElo "2381"]

1.d4 Nf6 2.c4 c5 3.d5 e6 4.Nc3 exd5 5.cxd5 d6 6.e4 g6 7.f4 Bg7 8.e5 Nfd7 9.Ne4
dxe5 10.Nd6+ Ke7 11.Nxc8+ Qxc8 12.Nf3 Rd8 13.fxe5 Nxe5 14.Bg5+ Kf8 15.Bxd8
Qxd8 16.Be2 Nxf3+ 17.Bxf3 Bxb2 18.Rb1 Bc3+ 19.Kf1 Qa5 20.g3 Bd4 21.Kg2 Qxa2+
22.Kh3 Nd7 23.Rxb7 Ne5 24.Rf1 Qa6 25.Qb1 Qd6 26.Bg2 Kg8 27.Be4 a5 28.Rb6 Qf8
29.Qc1 a4 30.d6 Qc8+ 31.Kg2 a3 32.Bxa8 Qxa8+ 33.Kh3 a2 34.Rb2 Qc8+ 35.Kg2 Qc6+
36.Kh3 Qxd6 37.Qc2 Qe6+ 38.Kg2 Qc6+ 39.Kh3 Qc8+ 40.Kg2 Qa8+ 41.Kh3 a1=Q
42.Rxa1 Qxa1 43.Rb1 Qa6 44.Qe4 Qe6+ 45.Kg2 h5 46.Re1 Kg7 47.Re2 Qg4 48.Re1
Qxe4+ 49.Rxe4 Kf6 50.Re2 Ke6 {#R} 0-1

[Event "It (open)"]
[Site "masterchessopen.com - Arad (Romania)"]
[Date "2012.08.02"]
[Round "9"]
[White "Petrisor Adrian (ROM)"]
[Black "Bida Mihai-Eugen (ROM)"]
[Result "0-1"]
[WhiteElo "2397"]
[BlackElo "2206"]

1.d4 Nf6 2.c4 e6 3.Nc3 c5 4.d5 exd5 5.cxd5 d6 6.e4 g6 7.f4 Bg7 8.e5 Nfd7 9.Nb5
dxe5 10.Nd6+ Kf8 11.Nf3 h6 12.Be2 f5 13.O-O e4 14.Nd2 Nb6 15.Nxc8 Nxc8 16.Qb3
Nd6 17.Nc4 Nxc4 18.Bxc4 Qb6 19.Qg3 Qd6 20.Rb1 Nd7 21.Kh1 Kf7 22.b4 cxb4 23.Qb3
Bc3 24.Be3 a5 25.g4 fxg4 26.Qd1 Nf6 27.Bf2 Rac8 28.Bb3 Rhe8 29.Qe2 e3 30.Bh4
Kg7 31.Rbd1 Bd2 32.Rxd2 exd2 33.Qxd2 Rc3 34.Rd1 Nh5 35.f5 Rh3 36.Qb2+ Kg8
37.Re1 Rxe1+ 38.Bxe1 g3 39.Bxg3 Nxg3+ 40.Kg2 Rh5 41.hxg3 Rxf5 42.Qe2 Kg7
43.Qb5 b6 44.Qe2 Rf7 45.Qe3 Re7 {#R} 0-1